LEADER 02560oam 2200649I 450 001 9910781980703321 005 20231204145213.0 010 $a1-136-08429-0 010 $a1-136-08430-4 010 $a1-283-28829-X 010 $a9786613288295 010 $a0-240-81289-1 024 7 $a10.4324/9780240812892 035 $a(CKB)2550000000057490 035 $a(OCoLC)772175961 035 $a(CaPaEBR)ebrary10505678 035 $a(SSID)ssj0000541068 035 $a(PQKBManifestationID)11348733 035 $a(PQKBTitleCode)TC0000541068 035 $a(PQKBWorkID)10498464 035 $a(PQKB)10559988 035 $a(CaSebORM)9780240812908 035 $a(MiAaPQ)EBC787243 035 $a(EXLCZ)992550000000057490 100 $a20180706d2012 uy 0 101 0 $aeng 135 $aurcn||||||||| 181 $ctxt 182 $cc 183 $acr 200 10$aScenic art for the theatre /$fSusan Crabtree and Peter Beudert 205 $a3rd ed. 210 1$aWaltham, Mass. :$cFocal Press, an imprint of Elsevier,$d2012. 215 $a1 online resource (437 p.) 300 $aBibliographic Level Mode of Issuance: Monograph 311 $a1-138-46597-6 311 $a0-240-81290-5 327 $apt. 1. The profession of scenic artistry -- pt. 2. The tools of the trade -- pt. 3. Two-dimensional scenic painting techniques. 330 $aNow in its third edition, Scenic Art for the Theater: History, Tools and Techniques continues to be the most trusted source for both student and professional scenic artists. With new information on scenic design using Photoshop, Paint Shop Pro and other digital imaging software this test expands to offer the developing artist more step-by-step instruction and more practical techniques for work in the field. It goes beyond detailing job functions and discussing techniques to serve as a trouble-shooting guide for the scenic artist, providing practical advice for everyday solutions. 606 $aScene painting$xTechnique 606 $aScene painting$xHistory 606 $aArtists' tools 606 $aArtists' materials 615 0$aScene painting$xTechnique. 615 0$aScene painting$xHistory. 615 0$aArtists' tools. 615 0$aArtists' materials. 676 $a751.75 700 $aCrabtree$b Susan$f1959-,$01551902 701 $aBeudert$b Peter$01551903 801 0$bMiAaPQ 801 1$bMiAaPQ 801 2$bMiAaPQ 906 $aBOOK 912 $a9910781980703321 996 $aScenic art for the theatre$93811603 997 $aUNINA LEADER 01396nam a2200385 i 4500 001 991000344839707536 005 20250218104941.0 008 010704s1974 it ||| | ita 035 $ab11344210-39ule_inst 035 $aPARLA206429$9ExL 040 $aDip.to Filosofia$bita$dSocioculturale Scs 041 1 $aita$hger 082 0 $a321 082 04$a325.32$223. 100 1 $aSchumpeter, Joseph Alois$050457 240 10$aZur Soziologie der Imperialismen$921481 245 10$aSociologia dell'imperialismo /$cJoseph A. Schumpeter ; prefazione di Lucio Villari 260 $aBari :$bLaterza,$c1974 300 $aVIII, 184 p. ;$c20 cm 490 1 $aLibri del tempo ;$v129 500 $aTraduzione di Giulio Fantozzi 650 4$aClassi sociali 650 4$aImperialismo 650 4$aImperialismo$xSociologia 700 1 $aVillari, Lucio 700 1 $aFantozzi, Giulio 730 0 $aDie sozialen Klassen im ethnisch-homogenen Milieu$94314650 830 0$aLibri del tempo ;$v129 907 $a.b11344210$b01-03-17$c01-07-02 912 $a991000344839707536 945 $aLE005IF XVIII A 35$g1$iLE005IFA-9060$lle005$o-$pE0.00$q-$rl$s-$t0$u0$v0$w0$x0$y.i11519459$z01-07-02 996 $aDie sozialen Klassen im ethnisch-homogenen Milieu$94314650 996 $aZur soziologie der Imperialismen$921481 997 $aUNISALENTO 998 $ale005$b01-01-01$cm$da$e-$fita$git$h0$i1